| 000 | 00680nam a22002057a 4500 | ||
|---|---|---|---|
| 999 |
_c20199 _d20199 |
||
| 003 | AR-CdUCM | ||
| 008 | 190527b ||||| |||| 00| 0 spa d | ||
| 040 |
_aMUNICIPALIDAD PROVINCIAL DEL CUSCO _cBIBLIOTECA MUNICIPAL DEL CUSCO |
||
| 082 |
_a336 / _bB672 |
||
| 100 |
_aBoesler, Eheberg _942217 |
||
| 245 | _aPrincipios de hacienda / | ||
| 260 |
_aBarcelona : _bEdit. Gustavo Gili, _c1944. |
||
| 300 |
_a524 páginas ; _c23 cm. |
||
| 505 | _aContenido: La economía financiera -- La ciencia de la hacienda publica -- El presupuesto... | ||
| 650 |
_aFinanzas _94496 |
||
| 650 |
_aPresupuesto _93446 |
||
| 650 |
_aEspaña _9176 |
||
| 942 |
_2ddc _cLIBROS |
||
| 945 |
_adavv _d2019-05-27 |
||